Normal view
MARC view
Entry Personal Name
001 - CONTROL NUMBER
- control field: 35592
003 - CONTROL NUMBER IDENTIFIER
- control field: dpl
005 - DATE AND TIME OF LATEST TRANSACTION
- control field: 20111031101924.0
008 - FIXED-LENGTH DATA ELEMENTS
- fixed length control field: 111031|||a|||||| | ||| d
040 ## - CATALOGING SOURCE
- Original cataloging agency: dpl
- Transcribing agency: dpl
100 ## - HEADING--PERSONAL NAME
- Personal name: Taylor, Robert E.
670 ## - SOURCE DATA FOUND
- Source citation: Work cat.: (dpl)0: Field, Thomas G. (Thomas Gordon) 35590, Scientific farm animal production :, 2012
670 ## - SOURCE DATA FOUND
- Source citation: Work cat.: (dpl)0: Field, Thomas G. (Thomas Gordon) 35590, Scientific farm animal production :, 2012
